4 Things you cannot do without. (Record no. 12582)

000 -LEADER
fixed length control field 00620nam a2200217 a 4500
001 - CONTROL NUMBER
control field :::00010389$&:&@@
003 - CONTROL NUMBER IDENTIFIER
control field OkBaRHE
005 - DATE AND TIME OF LATEST TRANSACTION
control field 20000607103358.0
008 - FIXED-LENGTH DATA ELEMENTS--GENERAL INFORMATION
fixed length control field j 000 0 eng u
040 ## - CATALOGING SOURCE
Transcribing agency
100 1# - MAIN ENTRY--PERSONAL NAME
Personal name De Haan, Richard W.
245 10 - TITLE STATEMENT
Title 4 Things you cannot do without.
260 ## - PUBLICATION, DISTRIBUTION, ETC. (IMPRINT)
Place of publication, distribution, etc Grand Rapids, MI., :
Name of publisher, distributor, etc Radio Bible Class
Date of publication, distribution, etc nd
300 ## - PHYSICAL DESCRIPTION
Extent 30 p. ;
Dimensions 16 cm.
650 ## - SUBJECT ADDED ENTRY--TOPICAL TERM
Topical term or geographic name as entry element Blood in Religion
650 ## - SUBJECT ADDED ENTRY--TOPICAL TERM
Topical term or geographic name as entry element Christian Life
650 ## - SUBJECT ADDED ENTRY--TOPICAL TERM
Topical term or geographic name as entry element Faith
650 ## - SUBJECT ADDED ENTRY--TOPICAL TERM
Topical term or geographic name as entry element Holiness
942 ## - ADDED ENTRY ELEMENTS (KOHA)
Source of classification or shelving scheme
Koha item type Books
Copies
Date last seen Lost status Withdrawn status Price effective from Shelving location Not for loan Barcode Copy number Full call number Damaged status Koha item type Permanent Location Date acquired Source of classification or shelving scheme
2010-04-14  2010-04-14General Stacks 103891BV 4501 .D4 BooksRHEMA Bible Training College2010-04-14